Handbook of optical holography /

Bibliographic Details
Other Authors: Caulfield, H. J. (Henry John), 1936-2012
Format: Book
Language:English
Published: New York : Academic Press, 1979.
Subjects:

MARC

Tag First Indicator Second Indicator Subfields
LEADER 00000pam a2200000 i 4500
001 in00000060195
005 20151008051610.0
008 790724s1979 nyua b 00100 eng
010 |a  79051672  
020 |a 0121653501 
035 |a (OCoLC)05264111 
035 |9 AAG8890AM 
040 |a DLC  |c DLC  |d TXA  |d UtOrBLW 
049 |a TXAM  |c [981100] 
050 0 0 |a TA1540  |b .H36 
082 0 |a 774 
245 0 0 |a Handbook of optical holography /  |c [edited by] H. J. Caulfield ; contributors, Gilbert April [and others]. 
264 1 |a New York :  |b Academic Press,  |c 1979. 
300 |a xiv, 638 pages :  |b illustrations ;  |c 24 cm. 
336 |a text  |b txt  |2 rdacontent 
337 |a unmediated  |b n  |2 rdamedia 
338 |a volume  |b nc  |2 rdacarrier 
504 |a Includes bibliographies and index. 
650 0 |a Holography  |x Handbooks, manuals, etc. 
700 1 |a Caulfield, H. J.  |q (Henry John),  |d 1936-2012. 
999 |a MARS 
999 f f |s 1ec56c06-1601-3aff-bb85-2aade58e03db  |i fa022530-fd82-3559-bbaf-286b16ef0417  |t 0 
952 f f |p ric  |a Texas A&M University  |b Rellis Campus  |c Joint Library Facility  |d Remote Storage  |t 0  |e TA1540 .H36  |h Library of Congress classification  |i unmediated -- volume  |m A14805345282 
998 f f |a TA1540 .H36  |t 0  |l Remote Storage